| 000 | 00566nam a2200181 4500 | ||
|---|---|---|---|
| 999 |
_c14027 _d14027 |
||
| 020 | _a9781338262711 | ||
| 082 | _aFic. R6846c 2018 | ||
| 100 | _aRothman, Cynthia | ||
| 245 |
_aChet rides home / _cby Cynthia Rothman ; illustrated by Louise Gardner |
||
| 260 |
_aNew York _bScholastic _cc2018 |
||
| 300 |
_a16 pages : _bchiefly color illustration ; _c20.8 x 17.6 cm |
||
| 504 | _aLexile measure: BR80L | ||
| 526 | _aFICTION | ||
| 650 | _aAnimals -- Juvenile fiction | ||
| 650 | _a Readers (Elementary) | ||
| 650 | _aChildren's stories, English | ||
| 942 |
_2ddc _cBK |
||